000 00482nam a22001697a 4500
005 20240109160728.0
008 190603b xxu||||| |||| 00| 0 eng d
020 _a978-93-82448-84-6
041 _aeng
082 _a615.103
_bGUP-P
100 _aGUPTA, MRS.SUNITA. C, MISHRA ,MRS.SEEMA.,AND JOSHI,VIKASH D.
_98358
245 _aPRAGATI PHARMACY DICTIONARY, (ENGLISH-ENGLISH)
260 _aPUNE
_bNIRALI PRAKASHAN
300 _a390p,
650 _aPHARMACY
_xB.PHARMA
942 _cBK
999 _c5914
_d5912